[Event "URU-ch U20/Girls"]
[Site "Nueva Helvecia"]
[Date "2018.04.22"]
[Round "4"]
[White "Oviedo, Mathias"]
[Black "Sosa, Bruno"]
[Result "1/2-1/2"]
[WhiteElo "1601"]
[BlackElo "1395"]
[PlyCount "119"]
[EventDate "2018.04.21"]
[EventType "swiss"]
[EventRounds "6"]
[EventCountry "URU"]
[SourceTitle "CBM 184 Extra"]
[Source "ChessBase"]
[SourceDate "2018.06.28"]
[SourceVersion "1"]
[SourceVersionDate "2018.06.28"]
[SourceQuality "1"]

1. e4 e5 2. Nf3 Nc6 3. Bc4 Nf6 4. d3 Bc5 5. c3 d6 6. Bb3 0-0 7. Nbd2 Be6 8. Nf1 Bxb3 9. axb3 a6 10. Ng3 h6 11. 0-0 Ne7 12. Nh4 Qd7 13. Qf3 Qg4 14. Nhf5 Nxf5 15. Qxf5 Qxf5 16. Nxf5 Kh7 17. b4 Bb6 18. Kh1 Ng4 19. d4 g6 20. f3 gxf5 21. fxg4 fxg4 22. dxe5 dxe5 23. Rf5 Rad8 24. h4 g3 25. Rf1 Rd7 26. b3 Rfd8 27. Bb2 f6 28. c4 Bd4 29. Bxd4 Rxd4 30. Rxf6 Rd1+ 31. Rf1 Rxa1 32. Rxa1 Rd4 33. Kg1 Rxe4 34. Kf1 Rxh4 35. Ke2 Rg4 36. Kf3 Rg5 37. b5 axb5 38. Ra7 bxc4 39. bxc4 Rf5+ 40. Ke4 Kg6 41. Rxb7 Rf4+ 42. Kxe5 Rxc4 43. Rb3 Kg5 44. Rxg3+ Rg4 45. Rc3 Rxg2 46. Rxc7 Rg4 47. Rg7+ Kh5 48. Rf7 Rg5+ 49. Kf4 Kg6 50. Rf8 Kg7 51. Rf5 Rxf5+ 52. Kxf5 Kf7 53. Kg4 Kg6 54. Kh4 h5 55. Kg3 Kg5 56. Kh3 h4 57. Kg2 Kg4 58. Kh2 h3 59. Kg1 Kg3 60. Kh1 1/2-1/2

[Event "Wch U14"]
[Site "Montevideo"]
[Date "2017.09.18"]
[Round "2"]
[White "Feng, Richard"]
[Black "Sosa, Bruno"]
[Result "1-0"]
[WhiteElo "1648"]
[BlackElo "1263"]
[PlyCount "121"]
[EventDate "2017.09.17"]
[EventType "swiss"]
[EventRounds "11"]
[EventCountry "URU"]
[SourceTitle "CBM 180 Extra"]
[Source "ChessBase"]
[SourceDate "2017.10.06"]
[SourceVersion "1"]
[SourceVersionDate "2017.10.06"]
[SourceQuality "1"]

1. e4 e5 2. Nf3 Nc6 3. Bc4 h6 4. c3 Nf6 5. d3 Be7 6. Bb3 0-0 7. Nbd2 d5 8. Qe2 dxe4 9. dxe4 Re8 10. Nf1 Bc5 11. h3 Be6 12. Bc2 Qe7 13. g4 Nh7 14. Rg1 f6 15. Ng3 Rad8 16. Nh4 Ng5 17. Nhf5 Qf7 18. Bxg5 Bc4 19. Qf3 fxg5 20. b3 Ba6 21. Nh5 Bf8 22. b4 g6 23. Bb3 Bc4 24. Nxh6+ Bxh6 25. Qxf7+ Bxf7 26. Nf6+ Kg7 27. Nxe8+ Bxe8 28. Ke2 Kh7 29. Rgd1 Bf8 30. b5 Rxd1 31. Rxd1 Na5 32. Rd8 Bxb5+ 33. c4 Nxc4 34. Rxf8 Nd6+ 35. Ke3 Bf1 36. Rd8 Bb5 37. f3 a6 38. a4 Bc6 39. a5 Bb5 40. Bd5 Ba4 41. Rb8 Bc6 42. Bxc6 bxc6 43. Kd3 Kg7 44. Kc3 Kf7 45. Ra8 Nb5+ 46. Kc4 Nd6+ 47. Kb4 Ke6 48. Rxa6 Kd7 49. Ra8 Nb5 50. a6 Kd6 51. a7 Kd7 52. Rd8+ Kxd8 53. a8Q+ Kd7 54. Kc5 Nd4 55. Qg8 Ne6+ 56. Kc4 Nf4 57. Qf7+ Kd6 58. Qf6+ Ne6 59. Qxg6 Ke7 60. h4 gxh4 61. Qh6 1-0